[Event "MSS-ch"]
[Site "CZE"]
[Date "1997.??.??"]
[Round "?"]
[White "Ovchinikova, Julia"]
[Black "Zelenka, M."]
[Result "0-1"]
[WhiteElo "2235"]
[BlackElo "1910"]

1.d4 Nf6 2.c4 e6 3.Nc3 Bb4 4.Nf3 b6 5.Bg5 Bb7 6.e3 h6 7.Bh4 g5 8.Bg3 Ne4
9.Qc2 Bxc3+ 10.bxc3 Nxg3 11.hxg3 f5 12.d5 Qf6 13.Nd4 O-O 14.Bd3 Na6 15.O-O-O Nc5
16.Rh2 Qg7 17.Bxf5 exf5 18.Nxf5 Rxf5 19.Qxf5 Qxc3+ 20.Qc2 Qxc2+ 21.Kxc2 Rf8
22.f3 Kg7 23.Rd4 d6 24.Kd2 a5 25.Rh1 Ba6 26.e4 Rb8 27.f4 b5 28.cxb5 Rxb5
29.Kc2 a4 30.e5 Rb8 31.Re1 a3 32.exd6 cxd6 33.Kc3 Rb2 34.fxg5 hxg5 35.Rh1 Bb5
36.Rdd1 Ne4+ 37.Kd4 Nxg3 38.Rc1 Ne2+  0-1

[Event "CZE-chT 9697"]
[Site "CZE"]
[Date "1997.??.??"]
[Round "1"]
[White "Firt, Stanislav"]
[Black "Chloupek, Stanislav"]
[Result "1-0"]
[WhiteElo "2345"]
[BlackElo "2335"]

1.d4 Nf6 2.c4 e6 3.Nc3 Bb4 4.Nf3 c5 5.g3 Ne4 6.Qd3 Qa5 7.Qxe4 Bxc3+ 8.Bd2 Bxd2+
9.Nxd2 Nc6 10.d5 Nd4 11.Bg2 Nb3 12.Rd1 Nxd2 13.Rxd2 Qxa2 14.O-O O-O 15.Rfd1 d6
16.Qd3 Qa6 17.dxe6 Bxe6 18.b3 Rad8 19.f4 f5 20.e4 fxe4 21.Bxe4 h6 22.Re1 Bf7
23.Bd5 Rd7 24.Qf5 Rfd8 25.Rde2 Kf8 26.Bxf7 Rxf7 27.Qh7 Rfd7 28.Re8+  1-0

[Event "Moravia-chT 9798"]
[Site "CZE"]
[Date "1997.??.??"]
[Round "3.1"]
[White "Obsivac, Josef"]
[Black "Ramik, Zdenek"]
[Result "1-0"]
[WhiteElo "2345"]
[BlackElo "2305"]

1.d4 Nf6 2.c4 e6 3.Nc3 Bb4 4.Nf3 Nc6 5.g3 Ne4 6.Qd3 f5 7.Bg2 d6 8.Bd2 Nxd2
9.Nxd2 Qe7 10.O-O-O Bxc3 11.Qxc3 O-O 12.f4 Bd7 13.Nf3 a5 14.Kb1 Rab8 15.h3 b5
16.c5 b4 17.Qe3 a4 18.Rc1 a3 19.b3 d5 20.Rhf1 Rf6 21.Ka1 Rbf8 22.Qd2 Rb8
23.Rg1 Be8 24.e3 Na7 25.Ne5 c6 26.Bf1 Qb7 27.g4 Nc8 28.gxf5 exf5 29.Qg2 Ra8
30.Bd3 Qe7 31.Qd2 Qb7 32.Rg5 Ne7 33.Rcg1 g6 34.h4 h6 35.R5g3 h5 36.Qg2 Kf8
37.Rg5 Ng8 38.Bxf5  1-0

[Event "Neckar op 1st"]
[Site "Deizisau"]
[Date "1997.??.??"]
[Round "8"]
[White "Zeller, Frank"]
[Black "Ikonnikov, Vyacheslav"]
[Result "1/2-1/2"]
[WhiteElo "2425"]
[BlackElo "2540"]

1.d4 Nf6 2.c4 e6 3.Nc3 Bb4 4.Nf3 b6 5.Bg5 Bb7 6.e3 h6 7.Bh4 Bxc3+ 8.bxc3 d6
9.Nd2 Qe7 10.f3 e5 11.e4 Nc6 12.Bf2 Nh5 13.g3 exd4 14.cxd4 f5 15.Bg2 O-O
16.O-O f4 17.Re1 Rae8 18.Rb1 Kh8 19.Rb5 g6 20.Qa1 Kh7 21.Bf1 Ng7 22.a4 Ba6
23.Rbb1 h5 24.Qc3 Bc8 25.Bg2 g5 26.c5 bxc5 27.dxc5 Ne5 28.cxd6 cxd6 29.Nc4 fxg3
30.hxg3 h4 31.Nxe5 dxe5 32.Bc5 Qc7 33.Qe3 Rf7 34.Rbd1 hxg3 35.Bd6 Qc2 36.Rc1 Qb2
37.Rb1 Qa2 38.Ra1 Qb2 39.Rab1 Qa2 40.Ra1 Qb2  1/2-1/2

[Event "BCF-chT 96/97"]
[Site "England"]
[Date "1997.??.??"]
[Round "10"]
[White "Parker, Jonathan"]
[Black "Ward, Christopher"]
[Result "1/2-1/2"]
[WhiteElo "2470"]
[BlackElo "2460"]

1.d4 Nf6 2.c4 e6 3.Nc3 Bb4 4.Nf3 c5 5.e3 O-O 6.Bd3 Bxc3+ 7.bxc3 d6 8.O-O Qe7
9.e4 e5 10.h3 h6 11.Re1 Nc6 12.d5 Nd8 13.Nh2 Ne8 14.f4 exf4 15.Bxf4 f6 16.Nf1 Nf7
17.Ne3 g5 18.Bg3 Ng7 19.Be2 Ne5 20.Bg4 Bd7 21.Bxe5  1/2-1/2

[Event "Bundesliga 9798"]
[Site "Germany"]
[Date "1997.??.??"]
[Round "?.5"]
[White "Schoene, Ralf"]
[Black "Hansen, Curt"]
[Result "0-1"]
[WhiteElo "2435"]
[BlackElo "2600"]

1.d4 Nf6 2.c4 e6 3.Nc3 Bb4 4.Nf3 b6 5.e3 Ne4 6.Qc2 Bb7 7.Bd3 f5 8.O-O Bxc3
9.bxc3 O-O 10.Nd2 Qh4 11.f4 Nxd2 12.Bxd2 Qg4 13.e4 fxe4 14.Bxe4 Bxe4 15.Qxe4 Nc6
16.Rae1 Rae8 17.d5 Nd8 18.h3 Qf5 19.Qd4 Qc2 20.dxe6 dxe6 21.Rf2 Nb7 22.Bc1 Qg6
23.Rfe2 Rf7 24.g4 Nc5 25.f5 Rxf5 26.Ba3 Nd3 27.Kh1 Rf3 28.Rd1 c5  0-1

[Event "Gouda NLD-Top rap"]
[Site "Gouda"]
[Date "1997.??.??"]
[Round "?"]
[White "Piket, Jeroen"]
[Black "Van der Sterren, Paul"]
[Result "1-0"]
[WhiteElo "2630"]
[BlackElo "2555"]

1.d4 e6 2.c4 Nf6 3.Nc3 Bb4 4.Nf3 c5 5.g3 O-O 6.Bg2 d5 7.cxd5 cxd4 8.Nxd4 Nxd5
9.Bd2 Bxc3 10.bxc3 e5 11.Nb5 a6 12.c4 Nb6 13.Na3 Nc6 14.c5 Nd7 15.Rc1 Qe7
16.O-O Rd8 17.Bxc6 bxc6 18.Ba5 Re8 19.Qd6 Qxd6 20.cxd6 c5 21.Rb1 Ra7 22.Nc4 Bb7
23.Bb6 Raa8 24.Bc7 Bd5 25.Rfc1 Bxc4 26.Rxc4 Ra7 27.e4 f6 28.Kf1 Kf7 29.Ke2 g5
30.Kd3 Ke6 31.Ra4 Rf8 32.Re1 Raa8 33.f3 f5 34.exf5+ Rxf5 35.Re3 Rf6 36.Kc4 Raf8
37.Rxa6 Rxf3 38.Rxf3 Rxf3 39.Ra8 e4 40.Re8+ Kf5 41.Re7 Nf6 42.d7 Nxd7 43.Rxd7 Ra3
44.Rf7+ Kg4 45.Rxh7 Rxa2 46.h3+ Kf3 47.Rf7+ Kg2 48.h4 e3 49.hxg5 e2 50.Re7 Kf1
51.g6 e1=Q 52.Rxe1+ Kxe1 53.Kxc5 Kf2 54.Kd5 Ra6 55.Bd6 Kf3 56.g7 Ra8 57.Ke6 Kg4
58.Kf7  1-0

[Event "HUN-chT 9798"]
[Site "Hungary"]
[Date "1997.??.??"]
[Round "?"]
[White "Czebe, Attila"]
[Black "Gyimesi, Zoltan"]
[Result "1/2-1/2"]
[WhiteElo "2325"]
[BlackElo "2500"]

1.c4 e6 2.d4 Nf6 3.Nc3 Bb4 4.Nf3 c5 5.g3 cxd4 6.Nxd4 Ne4 7.Qd3 Nxc3 8.bxc3 Be7
9.Nb5 O-O 10.Bf4 Na6 11.Bg2 f6 12.Qd2 Nc5 13.Bc7 Qe8 14.Bd6 Bxd6 15.Qxd6 Na6
16.Qd4 Qe7 17.O-O Qc5 18.Nd6 Rb8 19.Rfd1 Qxd4 20.cxd4 Nc7 21.Rab1 b6 22.Rb4 Rd8
23.Rdb1 Kf8 24.c5 Ba6 25.e4 Ne8 26.Nxe8 Kxe8 27.cxb6 Rxb6 28.Rxb6 axb6 29.Rxb6 Bc4
30.a4 Ra8 31.Rb4 Bd3 32.e5 Rc8 33.h4 Rc1+ 34.Kh2 Rc2 35.exf6 gxf6 36.d5 Rxf2
37.Kg1 Ra2 38.dxe6  1/2-1/2

[Event "ISL-chT"]
[Site "Iceland"]
[Date "1997.??.??"]
[Round "?"]
[White "Karason, Askell O"]
[Black "Bjarnason, Saevar"]
[Result "1-0"]
[WhiteElo "2245"]
[BlackElo "2285"]

1.d4 Nf6 2.c4 e6 3.Nc3 Bb4 4.Nf3 c5 5.g3 Ne4 6.Qd3 Qa5 7.Qxe4 Bxc3+ 8.Bd2 Bxd2+
9.Nxd2 O-O 10.Bg2 Nc6 11.dxc5 Qxc5 12.O-O b6 13.Qh4 f5 14.a3 Bb7 15.b4 Qe5
16.Nf3 Qxe2 17.Rad1 Rfd8 18.Rfe1 Qb2 19.b5 Na5 20.Ng5 Qf6 21.Qxh7+ Kf8 22.Qh5 Kg8
23.h4 Bxg2 24.Kxg2 Rac8 25.Qh7+ Kf8 26.Rxd7 Rxd7 27.Qh8+ Ke7 28.Qxc8 e5 29.Nh7  1-0

[Event "Juvenil op"]
[Site "?"]
[Date "1997.??.??"]
[Round "3"]
[White "Zurano Lopez, Pedro"]
[Black "Sole, JM."]
[Result "0-1"]
[WhiteElo "2300"]
[BlackElo "2135"]

1.d4 e6 2.Nf3 Nf6 3.c4 Bb4+ 4.Nc3 c5 5.e3 Ne4 6.Bd2 Nxd2 7.Qxd2 O-O 8.a3 Qa5
9.Rc1 Bxc3 10.Rxc3 cxd4 11.exd4 d5 12.b4 Qd8 13.Bd3 dxc4 14.Bxc4 Nc6 15.O-O Ne7
16.Ne5 b6 17.Rfc1 Bb7 18.Nxf7 Kxf7 19.Qf4+ Kg8 20.Bxe6+ Kh8 21.Qg4 Nd5 22.Rh3 Qf6
23.Rf3 Qh6 24.Rxf8+ Rxf8 25.Rd1 Qf4 26.Qg3 Nc3 27.Qxf4 Ne2+ 28.Kf1 Nxf4 29.Bh3 Ba6+
30.Kg1 Nxh3+ 31.gxh3 g5 32.d5 Rd8 33.d6 Kg7 34.b5 Bxb5 35.Rd5 Bc6 36.Rxg5+ Kf6
37.Rh5 Kg6  0-1

[Event "Kastel Stari op"]
[Site "Kastel Stari"]
[Date "1997.??.??"]
[Round "5"]
[White "Bozinovic, Bogdan"]
[Black "Kovacevic, Vladimir"]
[Result "1/2-1/2"]
[WhiteElo "2255"]
[BlackElo "2255"]

1.d4 Nf6 2.c4 e6 3.Nc3 Bb4 4.Nf3 d5 5.cxd5 exd5 6.Bg5 Nbd7 7.Qc2 O-O 8.a3 Bxc3+
9.Qxc3 c6 10.e3 h6 11.Bh4 g5 12.Bg3 Ne4 13.Qc2 h5 14.Nd2 Nxd2 15.Qxd2 h4
16.Bd6 Re8 17.Bd3 Nf6 18.Bb4 a5 19.Bc3 Ne4 20.Bxe4 dxe4 21.f3 Qd5 22.O-O Bf5
23.Qf2 Bg6 24.f4 f6 25.fxg5 fxg5 26.Qe2 Rf8 27.Qg4 Kh7 28.Rxf8 Rxf8 29.Rf1 Rxf1+
30.Kxf1 a4 31.g3 hxg3 32.Qh3+ Kg7 33.Qxg3 Kh6 34.Qf2 Bf5 35.Kg2 Kh5 36.h3 Qf7
37.Be1 Qe6 38.Qg3 Qb3 39.h4 Qxb2+ 40.Bf2 gxh4 41.Qxh4+ Kg6 42.Qg3+ Kf7 43.Qf4 Qb5
44.Bh4 Ke6 45.Kg3 Qd5 46.Qh6+ Kd7 47.Qg7+ Kc8 48.Bf6 b6 49.Qa7 Qa5  1/2-1/2

[Event "Klatovy op-B"]
[Site "Klatovy"]
[Date "1997.??.??"]
[Round "?"]
[White "Calda, R."]
[Black "Bor, M."]
[Result "1/2-1/2"]
[WhiteElo "1895"]
[BlackElo "1750"]

1.d4 Nf6 2.c4 e6 3.Nc3 Bb4 4.Nf3 d5 5.Bg5 h6 6.Bh4 dxc4 7.e3 Bxc3+ 8.bxc3 b5
9.a4 c6 10.Be2 O-O 11.O-O Nbd7 12.Qc2 Qc7 13.Bg3 Qd8 14.Rfb1 Ba6 15.Nd2 Nb6
16.Bf3 Nfd5 17.axb5 Bxb5 18.Ne4 Na4 19.Rxa4 Bxa4 20.Qxa4  1/2-1/2

[Event "Klatovy op-A"]
[Site "Klatovy"]
[Date "1997.??.??"]
[Round "?"]
[White "Adamek, Frantisek"]
[Black "Stluka, Petr"]
[Result "0-1"]
[WhiteElo "2050"]
[BlackElo "2255"]

1.d4 Nf6 2.Nf3 e6 3.c4 Bb4+ 4.Nc3 c5 5.Bd2 O-O 6.a3 Bxc3 7.Bxc3 b6 8.dxc5 bxc5
9.e3 Bb7 10.Qc2 Ne4 11.Bd3 f5 12.O-O-O Nxc3 13.Qxc3 Nc6 14.Rhg1 Qe7 15.Bc2 Rad8
16.e4 fxe4 17.Bxe4 Nd4 18.Nxd4 Bxe4 19.Qe3 Bg6 20.Nf3 d6 21.Ng5 Rxf2 22.Qxf2 Qxg5+
23.Qd2 Qf5 24.Qc3 Qf4+ 25.Rd2 Qe4 26.Rdd1 Rf8 27.Rge1 Qb1+ 28.Kd2 Rf2+ 29.Re2 Rxe2+
30.Kxe2 Bh5+ 31.Kf2 Qxd1 32.Qa5 Qe2+ 33.Kg3 Qe3+  0-1

[Event "RUS-ch (Women) sf"]
[Site "Kolontaevo"]
[Date "1997.??.??"]
[Round "?"]
[White "Ovchinikova, Julia"]
[Black "Sorokina, Tamara"]
[Result "1-0"]
[WhiteElo "2235"]
[BlackElo "2125"]

1.d4 Nf6 2.c4 e6 3.Nc3 Bb4 4.Nf3 b6 5.Bg5 Bb7 6.e3 Bxc3+ 7.bxc3 d6 8.Nd2 Nbd7
9.f3 e5 10.e4 h6 11.Be3 Qe7 12.Be2 O-O 13.O-O Rfe8 14.Re1 Nf8 15.Nf1 g5 16.Ng3 Bc8
17.c5 dxc5 18.dxc5 Ng6 19.Bb5 Rd8 20.Qa4 a6 21.cxb6 cxb6 22.Bxb6 Rb8 23.Bxd8 Qxd8
24.Bf1 Be6 25.Reb1 Rxb1 26.Rxb1 Qd2 27.c4 h5 28.Qb3 g4 29.Rd1 Qa5 30.Qe3 Nf4
31.Ne2 Ng6 32.c5 gxf3 33.gxf3 h4 34.a3 Nh5 35.Kh1 Nhf4 36.Qc3 Qc7 37.Nxf4 Nxf4
38.Bxa6 Kh7 39.a4 f6 40.Qb4 Kh6 41.Qe1 Qxc5 42.Qxh4+ Nh5 43.Bb5 Qe3 44.Rf1 Bf7
45.Qf2 Qc3 46.Rg1 Qc7 47.Qe1 Qb7 48.Qc1+ Nf4 49.Qc6 Qe7 50.Qd7 Qf8 51.Qc6 Bh5
52.Qc3 Ne6 53.Be2 Nd4 54.Bd1 Ne6 55.a5 Qe8 56.Qe3+ Nf4 57.Qb6 Qf8 58.a6 Nh3
59.a7 Nxg1 60.Kxg1 Bg6 61.Qe3+ Kh7 62.Be2 Qa8 63.Kf2 Be8 64.Qb6 Bc6 65.Qb8 f5
66.Qxa8 Bxa8 67.exf5 Kg7 68.Kg3 Kf6 69.Kg4 e4 70.fxe4 Bxe4 71.Bf3 Bxf3+ 72.Kxf3 Kxf5  1-0

[Event "Cassovia op"]
[Site "Kosice"]
[Date "1997.??.??"]
[Round "?"]
[White "Husek, Zdenek"]
[Black "Veselovsky, Sergey"]
[Result "1/2-1/2"]
[WhiteElo "2280"]
[BlackElo "2445"]

1.d4 Nf6 2.c4 e6 3.Nc3 Bb4 4.Nf3 b6 5.Bg5 Bb7 6.e3 Be7 7.Bd3 c5 8.O-O O-O
9.Qe2 Nc6 10.Rac1 cxd4 11.exd4 d5 12.cxd5 Nxd5 13.Qe4 g6 14.Nxd5 Bxg5 15.Ne3 Nxd4
16.Qxb7 Nxf3+ 17.Qxf3 Qxd3 18.Rfd1 Qb5 19.Rc7 Qxb2 20.Rdd7 Qxa2 21.Rxf7 Qa1+
22.Nf1 a5 23.g3 Rae8  1/2-1/2

[Event "SLO-ch"]
[Site "Krsko"]
[Date "1997.??.??"]
[Round "?"]
[White "Soln, Primoz"]
[Black "Podkriznik, Gregor"]
[Result "1-0"]
[WhiteElo "2325"]
[BlackElo "2295"]

1.d4 Nf6 2.c4 e6 3.Nc3 Bb4 4.Nf3 b6 5.Bg5 Bb7 6.Qc2 h6 7.Bh4 g5 8.Bg3 Ne4
9.e3 d6 10.Bd3 f5 11.d5 Bxc3+ 12.bxc3 exd5 13.cxd5 Bxd5 14.Nd4 Qf6 15.f3 Nxg3
16.hxg3 Nd7 17.Bxf5 O-O-O 18.Qa4 Qe7 19.e4 Kb7 20.Bxd7 Rxd7 21.Kf2 Be6 22.Qc6+ Kb8
23.a4 Qe8 24.a5 Re7 25.axb6 cxb6 26.Qxd6+ Kb7 27.Nc6  1-0

[Event "RUS-Cup7"]
[Site "Kstovo"]
[Date "1997.??.??"]
[Round "8"]
[White "Rapoport, Igor"]
[Black "Virovlansky, Semen"]
[Result "0-1"]
[WhiteElo "2335"]
[BlackElo "2225"]

1.d4 Nf6 2.Nf3 e6 3.c4 Bb4+ 4.Nc3 b6 5.Qb3 c5 6.a3 Bxc3+ 7.Qxc3 Bb7 8.Bg5 h6
9.Bf4 Ne4 10.Qc2 cxd4 11.Be5 O-O 12.Bxd4 d5 13.e3 Nc6 14.Rd1 Rc8 15.Bc3 Nxc3
16.Qxc3 Na5 17.Ne5 Qg5 18.h4 Qf6 19.Qd4 Rfd8 20.Qf4 dxc4 21.Rxd8+ Rxd8 22.Qxf6 gxf6
23.Ng4 f5 24.Ne5 b5 25.Rg1 f6 26.Ng6 Kf7 27.Nf4 e5 28.Nh5 Nb3 29.Be2 Rd2  0-1

[Event "IBM op"]
[Site "La Reunion"]
[Date "1997.??.??"]
[Round "1"]
[White "Marie, D."]
[Black "Oms Pallise, Josep"]
[Result "0-1"]
[WhiteElo "1610"]
[BlackElo "2450"]

1.d4 Nf6 2.c4 e6 3.Nc3 Bb4 4.Nf3 c5 5.e3 b6 6.Be2 Bb7 7.O-O O-O 8.a3 Bxc3
9.bxc3 Ne4 10.Qc2 f5 11.Bb2 Nc6 12.Rad1 Na5 13.Ba1 Qc7 14.Qa2 d6 15.Nd2 Qe7
16.f3 Nxd2 17.Rxd2 Qg5 18.Kh1 Qxe3 19.Rfd1 Bc6 20.a4 e5 21.Rd3 Qg5 22.Bb2 f4
23.Bc1 e4 24.fxe4 Bxe4 25.Rg3 Qf5 26.Rg4 f3 27.Rf4 fxg2+ 28.Kg1 Qe6 29.Rg4 Rae8
30.Rg3 Bb1 31.Qxb1 Qxe2 32.Bh6 Qf2+  0-1

[Event "Anibal op 4th"]
[Site "Linares"]
[Date "1997.??.??"]
[Round "1"]
[White "Khalifman, Alexander"]
[Black "Bick, John D"]
[Result "1-0"]
[WhiteElo "2650"]
[BlackElo "2350"]

1.d4 Nf6 2.Nf3 e6 3.c4 Bb4+ 4.Nc3 c5 5.g3 O-O 6.Bg2 Ne4 7.Qd3 Qa5 8.Qxe4 Bxc3+
9.Bd2 Bxd2+ 10.Nxd2 cxd4 11.Qxd4 Nc6 12.Qd6 Qb4 13.Qxb4 Nxb4 14.O-O d5 15.a3 Nc2
16.Rad1 Nd4 17.e3 Nc6 18.cxd5 exd5 19.Bxd5 Bh3 20.Bg2 Bxg2 21.Kxg2 Ne5 22.Nf3 Nc4
23.Rd4 Rac8 24.Rb1 Rfd8 25.a4 Rxd4 26.Nxd4 Nb6 27.Kf3 Kf8 28.Ke2 Ke7 29.Kd3 Rc5
30.b3 Rh5 31.h4 Rc5 32.g4 f6 33.h5 Rg5 34.Rg1 Kf7 35.b4 Re5 36.Rc1 Re7 37.f3 a6
38.Rc5 g6 39.Rd5 Nc8 40.a5 Rc7 41.Rd8 Ne7 42.f4 Ng8 43.f5 Nh6 44.Ne6 Re7
45.Rf8+  1-0

[Event "Anibal op 4th"]
[Site "Linares"]
[Date "1997.??.??"]
[Round "3"]
[White "Komljenovic, Davor"]
[Black "Garcia, Gildardo"]
[Result "1/2-1/2"]
[WhiteElo "2460"]
[BlackElo "2485"]

1.d4 Nf6 2.c4 e6 3.Nc3 Bb4 4.Nf3 c5 5.g3 cxd4 6.Nxd4 Qc7 7.Qb3 Bc5 8.Be3 a6
9.h3 Nc6 10.Nxe6 fxe6 11.Bxc5 Na5 12.Qb4 Nxc4 13.Qxc4 b6 14.Bg2 Bb7 15.Bxb7 Qxb7
16.O-O Rc8 17.Na4 bxc5 18.Nxc5 Qxb2 19.Rab1 Qa3 20.Rfc1 O-O 21.Qxa6 Qxa6
22.Nxa6 Ra8 23.Rb6 Ne4 24.Rf1 Nd2 25.Rc1 Ne4  1/2-1/2

[Event "Anibal op 4th"]
[Site "Linares"]
[Date "1997.??.??"]
[Round "5"]
[White "Barsov, Alexei"]
[Black "Eslon, Jaan"]
[Result "1-0"]
[WhiteElo "2465"]
[BlackElo "2370"]

1.d4 Nf6 2.c4 e6 3.Nc3 Bb4 4.Nf3 Bxc3+ 5.bxc3 b6 6.Bg5 h6 7.Bh4 Qe7 8.e3 Bb7
9.Bd3 d6 10.O-O Nbd7 11.Nd2 g5 12.Bg3 h5 13.f3 h4 14.Bf2 O-O-O 15.e4 Nh5
16.Re1 Nf4 17.Bf1 Rdg8 18.h3 Qf8 19.Qa4 f5 20.c5 dxc5 21.exf5 exf5 22.Bb5 Qd8
23.Rad1 g4 24.dxc5 Nd5 25.c6 Kb8 26.Qd4 g3 27.Be3 Nc5 28.cxb7 f4 29.Bxf4 a6
30.Bc4 Nxf4 31.Qxf4 Re8 32.Ne4 Qe7 33.Qf6 Qh7 34.Nxc5 bxc5 35.Qxa6 c6 36.Rxe8+  1-0

[Event "Mar del Plata op"]
[Site "Mar del Plata"]
[Date "1997.??.??"]
[Round "5"]
[White "Soppe, Guillermo"]
[Black "Braga, Fernando"]
[Result "1/2-1/2"]
[WhiteElo "2480"]
[BlackElo "2455"]

1.d4 Nf6 2.c4 e6 3.Nc3 Bb4 4.Nf3 d5 5.cxd5 exd5 6.Bg5 Nbd7 7.Rc1 O-O 8.a3 Be7
9.e3 Re8 10.Bd3 c6 11.Qc2 Nf8 12.O-O Ne4 13.Bxe7 Qxe7 14.Bxe4 dxe4 15.Nd2 Bf5
16.Rfe1 Bg6 17.b4 Rad8 18.Nc4 h5 19.Ne2 h4 20.h3 Bf5 21.Kh1 Ng6 22.Qb2 Qd7
23.Ng1 Be6 24.a4 Bd5 25.Ne2 Be6 26.Ng1 Bd5 27.Ne2 Be6 28.Ng1  1/2-1/2

[Event "Minsk op"]
[Site "Minsk"]
[Date "1997.??.??"]
[Round "6"]
[White "Nadanian, Ashot"]
[Black "Mochalov, Evgeny V"]
[Result "1/2-1/2"]
[WhiteElo "2375"]
[BlackElo "2455"]

1.d4 Nf6 2.c4 e6 3.Nf3 Bb4+ 4.Nc3 d5 5.e3 O-O 6.Bd3 c5 7.O-O Nc6 8.a3 Bxc3
9.bxc3 Qc7 10.h3 dxc4 11.Bxc4 e5 12.Ba2 e4 13.Nh2 Na5 14.f3 b6 15.Qe2 Be6
16.Bxe6 fxe6 17.Bd2 e5 18.f4 exd4 19.cxd4 Nb3 20.Rab1 Nxd2 21.Qxd2 cxd4 22.Qxd4 Rad8
23.Qb4 Rd3 24.Rfc1 Qf7 25.Nf1 Rfd8 26.Rb2 h5 27.Qa4 R8d5 28.Rc8+ Kh7 29.Qb4 Rd1
30.Rbc2  1/2-1/2

[Event "Mondariz op"]
[Site "Mondariz"]
[Date "1997.??.??"]
[Round "?"]
[White "Campos Moreno, Javier B"]
[Black "Gomez Esteban, Juan Mario"]
[Result "1-0"]
[WhiteElo "2440"]
[BlackElo "2490"]

1.d4 Nf6 2.c4 e6 3.Nc3 Bb4 4.Nf3 b6 5.Bg5 h6 6.Bh4 Bb7 7.e3 Bxc3+ 8.bxc3 d6
9.Nd2 Nbd7 10.f3 Qe7 11.Qa4 e5 12.e4 O-O 13.Bd3 Qe6 14.O-O Nh5 15.Rfe1 Nf4
16.Bc2 c5 17.d5 Qe8 18.Nf1 Nf6 19.Qxe8 Rfxe8 20.Bxf6 gxf6 21.a4 Ng6 22.a5 Reb8
23.Reb1 Ne7 24.Ra2 Ba6 25.Ne3 bxa5 26.Rxb8+ Rxb8 27.Rxa5 Rb6 28.Ba4 Rb1+
29.Kf2 Bb7 30.Bc2 Rb2 31.Rxa7 Kf8 32.Ke1 Bc8 33.Kd2 Ke8 34.Kc1 Rb7 35.Ra8 Kd8
36.Ba4 Kc7 37.Bc6 Rb8 38.Ra7+ Kd8 39.g4 Rb6 40.Bb5 Rb8 41.Kd2 Bb7 42.Nf1 Kc7
43.Ng3 Kb6 44.Ra1 Kc7 45.Nh5 Ng8 46.Ng7 Rd8 47.h4 Kb8 48.Ne8 Kc8 49.h5 Kb8
50.Ke3 Kc8 51.f4 exf4+ 52.Kxf4 Kb8 53.Kg3 Kc8 54.Bc6 Ne7 55.Bxb7+ Kxb7 56.Nxf6 Nc8
57.g5 hxg5 58.h6 Nb6 59.h7 Rh8 60.Rb1 Kc7 61.Rxb6 Kxb6 62.Kg4  1-0

[Event "Amber-rapid 6th"]
[Site "Monte Carlo"]
[Date "1997.??.??"]
[Round "5"]
[White "Piket, Jeroen"]
[Black "Andersson, Ulf"]
[Result "1/2-1/2"]
[WhiteElo "2640"]
[BlackElo "2655"]

1.d4 e6 2.c4 Bb4+ 3.Nc3 Nf6 4.Nf3 c5 5.g3 Ne4 6.Qc2 Qa5 7.Qxe4 Bxc3+ 8.Bd2 Bxd2+
9.Nxd2 cxd4 10.Qxd4 O-O 11.Bg2 Nc6 12.Qd6 Qb4 13.Qxb4 Nxb4 14.O-O Rd8 15.Rfd1 Kf8
16.a3 Nc6 17.c5 d5 18.cxd6 Rxd6 19.Nc4 Rxd1+ 20.Rxd1 Ke8 21.Bxc6+ bxc6 22.Kf1 f6
23.b4 Bd7 24.Na5 Ke7 25.f4 Rb8 26.Rc1 Kd6 27.Nb3 Rb5 28.Nc5 Bc8 29.Kf2 a5
30.Ne4+ Kc7 31.Nc3 Rh5 32.h4 axb4 33.axb4 e5 34.Nb5+ Kd7 35.Rd1+ Ke7 36.Nd6 Be6
37.e3 exf4 38.exf4 Rd5 39.Rxd5 Bxd5 40.Nf5+ Kf7 41.Ke3 g6 42.Nd4 Ke7 43.Nc2 Bb3
44.Nd4 Bd5 45.f5 Kd6 46.Kf4 Bf7 47.g4 Kd5 48.Nf3 gxf5 49.Kxf5 Be6+ 50.Kf4 Kc4
51.Nd2+ Kxb4 52.Ne4 c5 53.Nxf6 h6 54.g5  1/2-1/2

[Event "Moravia-chT 9697"]
[Site "?"]
[Date "1997.??.??"]
[Round "?"]
[White "Hastik, Svatopluk"]
[Black "Cempel, Jaroslav"]
[Result "0-1"]
[WhiteElo "2255"]
[BlackElo "2295"]

1.d4 Nf6 2.c4 e6 3.Nc3 Bb4 4.Nf3 Bxc3+ 5.bxc3 b6 6.Ba3 d6 7.e3 Bb7 8.Bd3 Nbd7
9.Qc2 Qe7 10.e4 e5 11.O-O O-O 12.Rfe1 Rfe8 13.Re2 c5 14.d5 Nf8 15.Nh4 g6
16.g3 Nh5 17.Bc1 Nf4 18.Re1 Bc8 19.Bf1 Qf6 20.Be3 g5 21.Nf5 N8g6 22.f3 Nh5
23.Qd2 Ngf4 24.gxf4 gxf4 25.Bf2 Bxf5 26.exf5 Qxf5 27.Bh4 Kh8 28.Kh1 Rg8 29.Qd3 Qd7
30.Re2 Rg6 31.Rg2 Rag8 32.Rxg6 hxg6 33.Bg2 f5 34.a4  0-1

[Event "Moscow-ch (Women)"]
[Site "Moscow"]
[Date "1997.??.??"]
[Round "11"]
[White "Savitskaya, Ekaterina P"]
[Black "Zhurina, Elizaveta"]
[Result "1-0"]
[WhiteElo "2220"]
[BlackElo "2235"]

1.d4 Nf6 2.c4 e6 3.Nc3 Bb4 4.Nf3 b6 5.e3 Bb7 6.Bd3 Ne4 7.O-O Nxc3 8.bxc3 Bxc3
9.Rb1 d6 10.Qc2 Ba5 11.Ba3 h6 12.c5 O-O 13.Rfc1 Bc6 14.cxd6 cxd6 15.e4 Re8
16.e5 d5 17.Bd6 Bd7 18.Qb3 Nc6 19.Ba6 Rc8 20.Rc2 Ne7 21.Bxc8 Nxc8 22.Bb4 Bxb4
23.Qxb4 a5 24.Qc3 b5 25.Qc7 Nb6 26.Qxd8 Rxd8 27.Rc7 Nc4 28.Ne1 b4 29.Nd3 Bb5
30.Nc5 Ra8 31.f4 Na3 32.Rb2 Bc4 33.Nb7 Nb5 34.Rc5 Ra7 35.Nd6 Nxd6 36.exd6 a4
37.Rc7  1-0

[Event "Orense op"]
[Site "Orense"]
[Date "1997.??.??"]
[Round "7"]
[White "Campos Moreno, Javier B"]
[Black "Nikcevic, Nebojsa"]
[Result "1/2-1/2"]
[WhiteElo "2440"]
[BlackElo "2525"]

1.d4 Nf6 2.c4 e6 3.Nc3 Bb4 4.Nf3 c5 5.g3 Nc6 6.Bg2 Qa5 7.O-O Bxc3 8.bxc3 Qxc3
9.Bd2 Qxc4 10.Rc1 Qxa2 11.dxc5 O-O 12.Bf4 Re8 13.Ne5 Nd5 14.Nc4 Nxf4 15.gxf4 b6
16.cxb6 axb6 17.Nxb6 Ra7 18.Nxc8  1/2-1/2

[Event "Pinar del Rio"]
[Site "Pinar del Rio"]
[Date "1997.??.??"]
[Round "1"]
[White "Valdes, Luis E"]
[Black "Alvarez, Jose"]
[Result "0-1"]
[WhiteElo "2380"]
[BlackElo "2390"]

1.d4 Nf6 2.c4 e6 3.Nc3 Bb4 4.Nf3 b6 5.Qc2 Bb7 6.a3 Bxc3+ 7.Qxc3 Ne4 8.Qc2 f5
9.g3 O-O 10.Bg2 Nf6 11.O-O Be4 12.Qc3 Qe8 13.Ne1 Bxg2 14.Nxg2 a5 15.f3 Nc6
16.Be3 a4 17.Rad1 Na5 18.d5 Qf7 19.Nf4 e5 20.Qxe5 Nxc4 21.Qd4 Nd6 22.Bd2 Rfe8
23.Rfe1 b5 24.Qc5 Rec8 25.Bc3 Rab8 26.Bd4 Nc4 27.e4 fxe4 28.fxe4 Ng4 29.Re2 d6
30.Qc6 Nge5 31.Bxe5 Rb6 32.Qxb6 cxb6 33.Bd4 Re8 34.Rf1 Qd7 35.Ne6 Rxe6 36.dxe6 Qxe6
37.Rf5 Ne5 38.Bxe5 dxe5 39.Rd2 h6 40.Rd5 Qc6 41.Rfxe5 Qc1+ 42.Kg2 Qxb2+ 43.Kh3 b4
44.Rb5 bxa3 45.Rxb2 axb2 46.Rb5 a3 47.Rxb6 a2 48.Rxb2 a1=Q 49.Rf2 Qg1 50.Rf5 g6
51.Rf6 Kg7 52.e5 h5  0-1

[Event "Plzen KB opJ-A"]
[Site "Plzen"]
[Date "1997.??.??"]
[Round "1"]
[White "Stocek, Jiri"]
[Black "Kupka, Frantisek"]
[Result "1-0"]
[WhiteElo "2470"]
[BlackElo "2015"]

1.d4 Nf6 2.c4 e6 3.Nc3 Bb4 4.Nf3 O-O 5.Bg5 d5 6.e3 h6 7.Bh4 c6 8.Rc1 Nbd7
9.Bd3 dxc4 10.Bxc4 b5 11.Bd3 a6 12.O-O Be7 13.a4 Bb7 14.Qe2 Nb6 15.Ne5 Nfd7
16.Bxe7 Qxe7 17.f4 Nxe5 18.fxe5 f6 19.exf6 Rxf6 20.Rxf6 Qxf6 21.Rf1 Qe7 22.Qf3 Nd7
23.Qg3 Rc8 24.Ne4 Nf8 25.Nd6 Rc7 26.Rf7 Qxf7 27.Nxf7 Rxf7 28.Qb8 Rd7 29.Bg6 bxa4
30.Be8 Re7 31.Qd8  1-0

[Event "Plzen KB opJ-A"]
[Site "Plzen"]
[Date "1997.??.??"]
[Round "7"]
[White "Stocek, Jiri"]
[Black "Cvek, Robert"]
[Result "1-0"]
[WhiteElo "2470"]
[BlackElo "2390"]

1.d4 Nf6 2.c4 e6 3.Nc3 Bb4 4.Nf3 b6 5.Bg5 Bb7 6.e3 h6 7.Bh4 g5 8.Bg3 Ne4
9.Nd2 Nxc3 10.bxc3 Bxc3 11.Rc1 Bxd2+ 12.Qxd2 d6 13.c5 dxc5 14.Qb2 O-O 15.h4 g4
16.dxc5 Qd5 17.Be2 Nc6 18.f3 gxf3 19.Bxf3 Qd3 20.Kf2 Na5 21.c6 Ba6 22.Rhd1 Nc4
23.Qe2 Qxe2+ 24.Bxe2 b5 25.a4 Nb2 26.Rd4 Rfb8 27.Bxc7  1-0

[Event "Polanica Zdroj op"]
[Site "Polanica Zdroj"]
[Date "1997.??.??"]
[Round "6"]
[White "Kosiorek, Marek"]
[Black "Kokkila, Tero"]
[Result "1-0"]
[WhiteElo "2255"]
[BlackElo "2335"]

1.d4 Nf6 2.c4 e6 3.Nc3 Bb4 4.Nf3 c5 5.g3 d5 6.cxd5 exd5 7.Bg2 Ne4 8.Bd2 Nxd2
9.Qxd2 Nc6 10.a3 Ba5 11.dxc5 d4 12.b4 dxc3 13.Qe3+ Qe7 14.Qxe7+ Kxe7 15.bxa5 Nxa5
16.Rc1 Bd7 17.Nd4 Rhc8 18.Rxc3 Rc7 19.O-O Rd8 20.Rb1 a6 21.Nb3 Bf5 22.Rbc1 Nxb3
23.Rxb3 b5 24.Re3+ Be6 25.c6 Rd4 26.Re4 Rd2 27.a4 Kd6 28.axb5 axb5 29.Rb4 Bc4
30.e3 Rb7 31.Rcb1 Kc7 32.Bf3 Ra2 33.Rxc4 bxc4 34.Rxb7+ Kc8 35.Bg4+ Kd8 36.c7+  1-0

[Event "ESP-chT"]
[Site "Ponferrada"]
[Date "1997.??.??"]
[Round "1"]
[White "Gonzalez Velez, Fermin"]
[Black "Garcia Ilundain, David"]
[Result "0-1"]
[WhiteElo "2395"]
[BlackElo "2495"]

1.d4 Nf6 2.c4 e6 3.Nc3 Bb4 4.Nf3 h6 5.g3 b6 6.Bg2 Bb7 7.O-O O-O 8.Qb3 a5
9.Ne5 Bxg2 10.Kxg2 d6 11.Nf3 Nbd7 12.Nd1 d5 13.a3 Bd6 14.cxd5 exd5 15.Ne3 Re8
16.Qb5 Rc8 17.Nf5 c6 18.Qd3 Bf8 19.Bf4 Ne4 20.Rac1 Qf6 21.Ne3 Qe6 22.g4 Ndf6
23.h3 h5 24.g5 Nh7 25.h4 Be7 26.Nd2 Nxd2 27.Qxd2 f6 28.gxf6 Bxf6 29.Qd3 Nf8
30.Bg3 Be7 31.Qf5 g6 32.Qf4 Nd7 33.Qh6 Bf8 34.Qf4 Nf6 35.Rc2 Ne4 36.Qe5 Qd7
37.Qf4 Bg7 38.Nd1 Bxd4 39.Qh6 Qg4 40.Qf4 Qe6  0-1